000 00605cam a22002297a 4500
001 000049
003 armpunfd
005 20140612090557.0
008 011019e1971####xx#a##########000#0#und#d
040 _aarmpunfd
_carmpunfd
080 _a34(37) C 667
100 1 0 _a Corrente Spano, Dante D.
245 1 0 _aFuentes del derecho romano
260 _a Buenos Aires
_b Pannedille
_c1971
300 _a90 p.
650 7 _a Derecho Romano
_2LEMB
942 _cLB
_2cdu
945 _aCatalis
_d2010-08-19
945 _aCatalis
_d2010-08-19
945 _aCatalis
_d2010-08-19
945 _aCatalis
_d2010-08-19
999 _c48
_d230552